வடந்தை 2025
Saved in:
| Corporate Author: | |
|---|---|
| Format: | Book |
| Language: | English |
| Published: |
வடக்கு மகாணம்
பண்பாட்டலுவல்கள் அலகு....
2025 .
|
| Tags: |
Add Tag
No Tags, Be the first to tag this record!
|
MARC
| LEADER | 00000nam a22000007a 4500 | ||
|---|---|---|---|
| 003 | LK-PpPL | ||
| 005 | 20260416153957.0 | ||
| 008 | 260416b |||||||| |||| 00| 0 eng d | ||
| 020 | |a 3093 - 608 x | ||
| 040 | |b தமிழ் |c தமிழ் | ||
| 082 | |2 814 | ||
| 110 | |9 5651 |a பண்பாட்டலுவல்கள் திணைக்களம் வெளியீடு | ||
| 245 | |a வடந்தை 2025 | ||
| 260 | |a வடக்கு மகாணம் |b பண்பாட்டலுவல்கள் அலகு.... |c 2025 . | ||
| 300 | |a ப.க் 162 ; |b ச.மீ 25 . . | ||
| 942 | |2 ddc |c LBK |n 0 | ||
| 999 | |c 13810 |d 13810 | ||